Geography Quiz #4 - Statistics

General Stats
  • This quiz has been taken 17 times
  • The average score is 11 of 17
Answer Stats
Picture Answer % Correct
Alaska
100%
Ireland
92%
Scandinavia
92%
Dubai
77%
English Channel
77%
Lake Michigan
77%
Falkland Islands
69%
Hispaniola
69%
Yucatan
69%
Corsica
62%
Lake Victoria
62%
Canary Islands
54%
Hokkaido
54%
Crimea
46%
Great Bear Lake
46%
Kamchatka
46%
Wales
46%
No matching quizzes found
Score Distribution
Percent of People with Each Score
Percentile by Number Answered
Your Score History
You have not taken this quiz